[Event "Deutsche Ländermeisterschaft 2016"]
[Site "Hannover GER"]
[Date "2016.10.04"]
[Round "6"]
[White "Carow, Johannes"]
[Black "Ott, Florian"]
[Result "1-0"]
[Termination "normal"]
[Board "1.1"]
[WhiteTitle "FM"]
[BlackTitle "FM"]
[WhiteElo "2416"]
[BlackElo "2299"]
[WhiteClock "01:01:05"]
[BlackClock "01:15:11"]
[WhiteTeam "Rheinland-Pfalz"]
[BlackTeam "Bayern"]
[PlyCount "77"]
[WhiteFideId "24692050"]
[BlackFideId "12900281"]
[EventCountry "GER"]
[EventRounds "7"]
[EventType "team-swiss"]
[EventDate "2016.09.30"]

1. d4 Nf6 2. c4 e6 3. Nc3 Bb4 4. Qc2 O-O 5. a3 Bxc3+ 6. Qxc3 b6 7. Bg5 Bb7 8.
f3 h6 9. Bh4 d5 10. e3 Nbd7 11. cxd5 Nxd5 12. Bxd8 Nxc3 13. Bh4 Nd5 14. Bf2 c5
15. e4 Ne7 16. Ne2 Ba6 17. O-O-O Rfc8 18. Kb1 Kf8 19. Nc3 Bxf1 20. Rhxf1 a6 21.
Na4 c4 22. d5 exd5 23. exd5 b5 24. Nb6 Nxb6 25. Bxb6 Nf5 26. d6 Rc6 27. d7 Rxb6
28. d8=Q+ Rxd8 29. Rxd8+ Ke7 30. Rdd1 Kf6 31. Rfe1 g5 32. Rd7 Kg6 33. Re8 Rf6
34. Kc2 Nh4 35. Rd2 Kh5 36. Kc3 Ng6 37. Red8 Nf4 38. R8d6 Rxd6 39. g4+ 1-0

[Event "Deutsche Ländermeisterschaft 2016"]
[Site "Hannover GER"]
[Date "2016.10.04"]
[Round "6"]
[White "Mann, Johannes"]
[Black "Keymer, Vincent"]
[Result "0-1"]
[Termination "normal"]
[Board "1.2"]
[WhiteElo "2197"]
[BlackElo "2402"]
[WhiteClock "00:51:01"]
[BlackClock "01:20:20"]
[WhiteTeam "Bayern"]
[BlackTeam "Rheinland-Pfalz"]
[PlyCount "78"]
[WhiteFideId "24691380"]
[BlackFideId "12940690"]
[EventCountry "GER"]
[EventRounds "7"]
[EventType "team-swiss"]
[EventDate "2016.09.30"]

1. d4 Nf6 2. c4 e6 3. Nc3 Bb4 4. e3 b6 5. Nge2 Bb7 6. a3 Be7 7. Ng3 d5 8. cxd5
exd5 9. Bd3 Nbd7 10. O-O g6 11. Bd2 O-O 12. f4 Bd6 13. Nb5 Ne4 14. Nxe4 dxe4
15. Nxd6 cxd6 16. Be2 Bd5 17. Qa4 a6 18. Rfc1 b5 19. Qb4 Nb6 20. b3 Rb8 21. a4
bxa4 22. bxa4 Nc4 23. Qc3 Nxd2 24. Qxd2 Qb6 25. Bc4 Bxc4 26. Rxc4 Rfc8 27.
Rxc8+ Rxc8 28. Rc1 Rxc1+ 29. Qxc1 Qb3 30. a5 Qb4 31. Qc8+ Kg7 32. Qxa6 Qe1+ 33.
Qf1 Qxe3+ 34. Qf2 Qc1+ 35. Qf1 Qd2 36. a6 e3 37. a7 e2 38. a8=Q Qxd4+ 39. Qf2
e1=Q# 0-1

[Event "Deutsche Ländermeisterschaft 2016"]
[Site "Hannover GER"]
[Date "2016.10.04"]
[Round "6"]
[White "Muckle, Julius"]
[Black "Oberhofer, Cédric"]
[Result "1-0"]
[Termination "normal"]
[Board "1.3"]
[WhiteElo "2196"]
[BlackElo "2208"]
[WhiteClock "01:10:12"]
[BlackClock "01:00:37"]
[WhiteTeam "Rheinland-Pfalz"]
[BlackTeam "Bayern"]
[PlyCount "71"]
[WhiteFideId "12942430"]
[BlackFideId "12941220"]
[EventCountry "GER"]
[EventRounds "7"]
[EventType "team-swiss"]
[EventDate "2016.09.30"]

1. d4 Nf6 2. c4 g6 3. Nc3 d5 4. Bg5 Ne4 5. Bh4 c5 6. cxd5 Nxc3 7. bxc3 Qxd5 8.
e3 Bg7 9. Nf3 Nc6 10. Be2 O-O 11. O-O cxd4 12. cxd4 b6 13. Rc1 Bb7 14. Bc4 Qd6
15. Bg3 Qb4 16. Qe2 e6 17. Ba6 Qe7 18. Nd2 Rfd8 19. Bxb7 Qxb7 20. Qf3 Na5 21.
Qxb7 Nxb7 22. Rc7 Nd6 23. Bxd6 Rxd6 24. Rfc1 Rdd8 25. f4 h6 26. Ne4 Bf8 27.
R1c6 a5 28. Rxe6 Bg7 29. Nf6+ Bxf6 30. Rxf6 Rf8 31. Rxb6 Rab8 32. Rxb8 Rxb8 33.
Rc2 a4 34. Kf2 f5 35. Kf3 a3 36. Rc3 1-0

[Event "Deutsche Ländermeisterschaft 2016"]
[Site "Hannover GER"]
[Date "2016.10.04"]
[Round "6"]
[White "Schneider, Jana"]
[Black "Karsay, Pascal"]
[Result "1-0"]
[Termination "normal"]
[Board "1.4"]
[WhiteElo "2046"]
[BlackElo "2085"]
[WhiteClock "01:16:48"]
[BlackClock "00:49:26"]
[WhiteTeam "Bayern"]
[BlackTeam "Rheinland-Pfalz"]
[PlyCount "85"]
[WhiteFideId "12924997"]
[BlackFideId "12953474"]
[EventCountry "GER"]
[EventRounds "7"]
[EventType "team-swiss"]
[EventDate "2016.09.30"]

1. e4 c5 2. Nf3 e6 3. g3 Nc6 4. Bg2 Nf6 5. Qe2 d6 6. O-O Be7 7. c3 O-O 8. Rd1
d5 9. e5 Nd7 10. d4 a5 11. Ne1 Qc7 12. Be3 a4 13. f4 cxd4 14. cxd4 f5 15. exf6
Bxf6 16. Nf3 Nb6 17. Na3 Bd7 18. h4 Be8 19. Bh3 Qe7 20. Bf2 Bd7 21. h5 Rae8 22.
Kg2 Na5 23. Be1 Nac4 24. Nc2 Qd8 25. Bb4 Be7 26. Bxe7 Qxe7 27. Nce1 Bb5 28. b3
Nd6 29. Nd3 Ne4 30. Qe1 Ra8 31. Nf2 Nxf2 32. Bxe6+ Kh8 33. Kxf2 Rae8 34. Bg4
Qc7 35. Ne5 axb3 36. axb3 Ra8 37. Qb4 Ba6 38. Rac1 Qd8 39. Be6 Qf6 40. Qxb6
Rae8 41. Nd7 Rxe6 42. Nxf6 Rxb6 43. Nd7 1-0

[Event "Deutsche Ländermeisterschaft 2016"]
[Site "Hannover GER"]
[Date "2016.10.04"]
[Round "6"]
[White "Musiolik, David"]
[Black "Tong, Kevin"]
[Result "1/2-1/2"]
[Termination "normal"]
[Board "1.5"]
[WhiteElo "1771"]
[BlackElo "2049"]
[WhiteClock "00:52:18"]
[BlackClock "01:19:15"]
[WhiteTeam "Rheinland-Pfalz"]
[BlackTeam "Bayern"]
[PlyCount "135"]
[WhiteFideId "12972355"]
[BlackFideId "12913944"]
[EventCountry "GER"]
[EventRounds "7"]
[EventType "team-swiss"]
[EventDate "2016.09.30"]

1. e4 e5 2. Nf3 Nc6 3. Nc3 Nf6 4. d4 exd4 5. Nxd4 Bc5 6. Be3 Bb6 7. Nxc6 bxc6
8. e5 Bxe3 9. fxe3 Nd5 10. Nxd5 cxd5 11. Qxd5 Qh4+ 12. Kd1 Rb8 13. Qd4 Rb4 14.
Qxh4 Rxh4 15. Be2 O-O 16. Bf3 Re8 17. g3 Rh6 18. Kd2 Rxe5 19. Rae1 Ba6 20. b3
Rf6 21. Be2 Rf2 22. c4 Bb7 23. Ref1 Rg2 24. Rfg1 Rf2 25. Rf1 Ref5 26. Ke1 Rxf1+
27. Rxf1 Re5 28. Kd2 f6 29. Bf3 Bxf3 30. Rxf3 Kf7 31. Kd3 h5 32. b4 d6 33. e4
Ke6 34. Kd4 c5+ 35. bxc5 dxc5+ 36. Kd3 Kf7 37. Rf5 Ke7 38. Rxe5+ fxe5 39. h4
Kd6 40. Kc3 Kc6 41. Kb3 Kb6 42. Ka4 Ka6 43. Kb3 Ka5 44. Ka3 Ka6 45. Ka4 Kb6 46.
Kb3 g6 47. Ka4 Ka6 48. Kb3 Ka5 49. Ka3 Kb6 50. Kb3 a6 51. Ka4 a5 52. Kb3 Ka6
53. a4 Kb6 54. Ka3 Kc6 55. Kb3 Kd6 56. Ka3 Ke6 57. Kb3 g5 58. Ka3 Kf6 59. Kb3
Kg6 60. Ka3 Kh6 61. Kb3 Kh7 62. Ka3 Kg7 63. Kb3 Kf7 64. Ka3 Kf8 65. Kb3 Kg8 66.
Ka3 Kh8 67. Kb3 Kg7 68. Ka3 1/2-1/2

[Event "Deutsche Ländermeisterschaft 2016"]
[Site "Hannover GER"]
[Date "2016.10.04"]
[Round "6"]
[White "Englert, Jon"]
[Black "Morio, Estelle"]
[Result "1-0"]
[Termination "normal"]
[Board "1.6"]
[WhiteElo "1835"]
[BlackElo "1820"]
[WhiteClock "00:54:41"]
[BlackClock "01:18:28"]
[WhiteTeam "Bayern"]
[BlackTeam "Rheinland-Pfalz"]
[PlyCount "85"]
[WhiteFideId "12992275"]
[BlackFideId "12951951"]
[EventCountry "GER"]
[EventRounds "7"]
[EventType "team-swiss"]
[EventDate "2016.09.30"]

1. e4 d6 2. d4 Nf6 3. Nc3 Nbd7 4. g4 h6 5. h3 e5 6. Nge2 c6 7. Bg2 b5 8. a3 a5
9. O-O Ba6 10. Be3 Qc7 11. f4 Be7 12. Ng3 g6 13. Nce2 Rd8 14. c3 a4 15. Qc2 Nb6
16. Rad1 Nc4 17. Bc1 Kf8 18. Rf3 Kg7 19. Rdf1 Bc8 20. g5 Ng8 21. fxe5 Rf8 22.
exd6 Bxd6 23. gxh6+ Nxh6 24. Nf4 Be7 25. Qf2 Nd6 26. Nfe2 Be6 27. Nf4 Bc4 28.
Re1 Ne8 29. e5 Qc8 30. Qc2 Nc7 31. Nfh5+ Kg8 32. Nf4 Kg7 33. Ngh5+ Kh7 34. Qd2
Bg5 35. Nf6+ Bxf6 36. exf6 Kg8 37. Rg3 Qf5 38. Rf1 Rh7 39. Rf2 Qd7 40. Nxg6
fxg6 41. Rxg6+ Kh8 42. Rxh6 Rff7 43. Be4 1-0

[Event "Deutsche Ländermeisterschaft 2016"]
[Site "Hannover GER"]
[Date "2016.10.04"]
[Round "6"]
[White "Reitz, Theresa"]
[Black "Braun, Kristin"]
[Result "1/2-1/2"]
[Termination "normal"]
[Board "1.7"]
[WhiteElo "1815"]
[BlackElo "1853"]
[WhiteClock "00:58:36"]
[BlackClock "01:07:35"]
[WhiteTeam "Rheinland-Pfalz"]
[BlackTeam "Bayern"]
[PlyCount "86"]
[WhiteFideId "12971901"]
[BlackFideId "24656534"]
[EventCountry "GER"]
[EventRounds "7"]
[EventType "team-swiss"]
[EventDate "2016.09.30"]

1. e4 c5 2. Nf3 d6 3. Bb5+ Nd7 4. O-O a6 5. Bxd7+ Bxd7 6. Qe2 Nf6 7. Rd1 e5 8.
c3 g6 9. d4 Qc7 10. Na3 b5 11. dxe5 dxe5 12. Bg5 Bg7 13. Qd3 c4 14. Qe2 Bc6 15.
Nd2 Qb7 16. f3 O-O 17. Nf1 Nd7 18. Ne3 f6 19. Bh4 Rad8 20. Nac2 Kh8 21. Bf2 Nb6
22. Rd2 Qc7 23. Rad1 Bh6 24. Nb4 Bb7 25. Bh4 Rxd2 26. Rxd2 Bxe3+ 27. Qxe3 a5
28. Nc2 g5 29. Bf2 Nc8 30. Qc5 Qxc5 31. Bxc5 Rf7 32. Ne3 Rc7 33. Rd8+ Kg7 34.
Nf5+ Kf7 35. Nd6+ Ke7 36. Nxb7+ Rxc5 37. Rh8 Rc6 38. Rxh7+ Ke8 39. Rh8+ Kd7 40.
Rh7+ Ke8 41. Kf2 Ne7 42. Rh8+ Kd7 43. Rh7 a4 1/2-1/2

[Event "Deutsche Ländermeisterschaft 2016"]
[Site "Hannover GER"]
[Date "2016.10.04"]
[Round "6"]
[White "Khamenya, Vitalia"]
[Black "Bohrer, Katharina"]
[Result "1-0"]
[Termination "normal"]
[Board "1.8"]
[WhiteElo "1636"]
[BlackElo "1110"]
[WhiteClock "01:09:55"]
[BlackClock "01:12:32"]
[WhiteTeam "Bayern"]
[BlackTeam "Rheinland-Pfalz"]
[PlyCount "43"]
[WhiteFideId "12959260"]
[BlackFideId "16225457"]
[EventCountry "GER"]
[EventRounds "7"]
[EventType "team-swiss"]
[EventDate "2016.09.30"]

1. e4 d6 2. d4 g6 3. Nc3 Nf6 4. Be3 Bg7 5. f3 O-O 6. Qd2 e5 7. Nge2 Nc6 8. d5
Ne7 9. g4 c6 10. Ng3 cxd5 11. exd5 b6 12. h4 Bb7 13. Bc4 Rc8 14. Bb3 Nd7 15. a3
Nc5 16. Ba2 Qd7 17. h5 Na4 18. Bh6 Rfd8 19. hxg6 Nxg6 20. Bxg7 Kxg7 21. Qh6+
Kg8 22. Nh5 1-0

[Event "Deutsche Ländermeisterschaft 2016"]
[Site "Hannover GER"]
[Date "2016.10.04"]
[Round "6"]
[White "Krause, Benedict"]
[Black "Baskin, Robert"]
[Result "1/2-1/2"]
[Termination "normal"]
[Board "2.1"]
[WhiteTitle "FM"]
[BlackTitle "FM"]
[WhiteElo "2389"]
[BlackElo "2402"]
[WhiteClock "01:12:07"]
[BlackClock "01:05:22"]
[WhiteTeam "Schleswig-Holstein"]
[BlackTeam "Hessen"]
[PlyCount "184"]
[WhiteFideId "12917990"]
[BlackFideId "24662402"]
[EventCountry "GER"]
[EventRounds "7"]
[EventType "team-swiss"]
[EventDate "2016.09.30"]

1. e4 e6 2. d4 d5 3. Nc3 Bb4 4. e5 c5 5. Bd2 Ne7 6. a3 Bxc3 7. Bxc3 b6 8. Bb5+
Bd7 9. Bd3 Nbc6 10. Nf3 Ng6 11. O-O cxd4 12. Nxd4 Ncxe5 13. f4 Nxd3 14. Qxd3
O-O 15. f5 exf5 16. Nxf5 Bxf5 17. Rxf5 Qc7 18. Qd4 f6 19. Qxd5+ Kh8 20. Raf1
Ne7 21. Rxf6 gxf6 22. Bxf6+ Rxf6 23. Qxa8+ Kg7 24. Rxf6 Kxf6 25. Qh8+ Kg6 26.
Qe8+ Kg7 27. c3 Ng6 28. h3 Qc5+ 29. Kh1 Qf2 30. Qd7+ Kh6 31. Qxa7 Qxb2 32. a4
Qxc3 33. Qxb6 Qa1+ 34. Kh2 Qxa4 35. Qe6 Qf4+ 36. Kh1 Kg5 37. Qd5+ Qe5 38. Qd2+
Qf4 39. Qd8+ Kh6 40. Qd5 Qe3 41. Qd8 Qg5 42. Qd7 Nf4 43. Qd6+ Ng6 44. Qd7 Qe7
45. Qd2+ Kg7 46. Qd4+ Ne5 47. Qe4 h6 48. Qd5 Qf6 49. Qe4 h5 50. Qb7+ Kh6 51.
Qe4 h4 52. Qe3+ Qg5 53. Qc3 Ng6 54. Qc8 Qf4 55. Qd7 Kg5 56. Qd8+ Kf5 57. Qd7+
Kf6 58. Qd8+ Kf5 59. Qd7+ Kg5 60. Qd8+ Kh6 61. Qd7 Ne5 62. Qe6+ Kg7 63. Qe7+
Nf7 64. Qb7 Kg6 65. Qc8 Nd6 66. Qg8+ Kf5 67. Qh7+ Ke5 68. Qh8+ Ke4 69. Qa8+ Ke5
70. Qh8+ Qf6 71. Qh5+ Nf5 72. Qe2+ Kd6 73. Qa6+ Ke7 74. Qa7+ Ke6 75. Qb6+ Kf7
76. Qc7+ Kg6 77. Qc2 Qe5 78. Qc6+ Kg5 79. Qc1+ Qf4 80. Qd1 Ng3+ 81. Kg1 Qe3+
82. Kh2 Ne2 83. Qd8+ Kf5 84. Qf8+ Ke4 85. Qe7+ Kd3 86. Qa3+ Kd2 87. Qb4+ Qc3
88. Qxh4 Qe5+ 89. g3 Qc5 90. Kg2 Qd5+ 91. Kf2 Qf5+ 92. Kg2 Qd5+ 1/2-1/2

[Event "Deutsche Ländermeisterschaft 2016"]
[Site "Hannover GER"]
[Date "2016.10.04"]
[Round "6"]
[White "Keller, Peter"]
[Black "Beeck, Mats"]
[Result "1/2-1/2"]
[Termination "normal"]
[Board "2.2"]
[WhiteTitle "FM"]
[WhiteElo "2240"]
[BlackElo "2176"]
[WhiteClock "01:12:38"]
[BlackClock "01:00:03"]
[WhiteTeam "Hessen"]
[BlackTeam "Schleswig-Holstein"]
[PlyCount "106"]
[WhiteFideId "1272105"]
[BlackFideId "12936944"]
[EventCountry "GER"]
[EventRounds "7"]
[EventType "team-swiss"]
[EventDate "2016.09.30"]

1. e4 c5 2. Nf3 d6 3. Bb5+ Nd7 4. O-O Ngf6 5. Re1 a6 6. Bf1 e6 7. c3 Be7 8. d4
O-O 9. e5 Nd5 10. c4 Nc7 11. Bf4 d5 12. Nc3 dxc4 13. Bxc4 b5 14. Bd3 Bb7 15.
Ne4 cxd4 16. Rc1 Nd5 17. Bg3 Qb6 18. Bb1 Rac8 19. Rxc8 Rxc8 20. Nxd4 Nc5 21.
Nd6 Bxd6 22. exd6 Nd7 23. Nf3 N5f6 24. Ne5 Qc5 25. Nxd7 Nxd7 26. Qe2 Qd5 27. f3
Qd4+ 28. Kh1 Qc4 29. Qe3 Qc5 30. Qd3 g6 31. Qd2 Qd5 32. Qe2 Qc4 33. Qd2 Qd5 34.
Qe2 Qc4 35. Qe3 Qc5 36. Qd3 Qd5 37. Qf1 Qc4 38. Qg1 Qc5 39. Qf1 Qc4 40. Qf2 Qc5
41. Kg1 Bd5 42. a3 f6 43. h4 Kf7 44. h5 Rc6 45. Qxc5 Nxc5 46. hxg6+ hxg6 47.
Kf2 Nd7 48. Rh1 Kg7 49. Rd1 Ne5 50. Re1 Nd7 51. Rd1 Ne5 52. Re1 Nd7 53. Rd1 Ne5
1/2-1/2

[Event "Deutsche Ländermeisterschaft 2016"]
[Site "Hannover GER"]
[Date "2016.10.04"]
[Round "6"]
[White "Kololli, Martin"]
[Black "Nothnagel, Marian Can"]
[Result "1-0"]
[Termination "normal"]
[Board "2.3"]
[WhiteElo "2202"]
[BlackElo "1991"]
[WhiteClock "01:00:56"]
[BlackClock "01:07:03"]
[WhiteTeam "Schleswig-Holstein"]
[BlackTeam "Hessen"]
[PlyCount "97"]
[WhiteFideId "12936910"]
[BlackFideId "12921530"]
[EventCountry "GER"]
[EventRounds "7"]
[EventType "team-swiss"]
[EventDate "2016.09.30"]

1. e4 c5 2. c3 e6 3. d4 d5 4. Nd2 cxd4 5. cxd4 dxe4 6. Nxe4 Be7 7. Nf3 Nf6 8.
Nc3 Bd7 9. Bd3 Bc6 10. O-O Nbd7 11. Re1 O-O 12. a3 Qb6 13. Bc2 Rfd8 14. Rb1 Nf8
15. Be3 Nd5 16. Ne5 Nxe3 17. fxe3 Bf6 18. Nxc6 bxc6 19. Qf3 Ng6 20. Rf1 Rf8 21.
Be4 Rac8 22. Na4 Qa5 23. Nc5 Qd8 24. Rbd1 Be7 25. Na4 Nh4 26. Qe2 Qa5 27. Nc3
Qg5 28. Bc2 f5 29. g3 Bd6 30. Kh1 Ng6 31. Bb3 Rce8 32. Qf3 Bb8 33. Na4 Kh8 34.
Nc5 e5 35. Ne6 Rxe6 36. Bxe6 exd4 37. exd4 f4 38. Qg4 Qe7 39. Bf5 fxg3 40. hxg3
Qd6 41. Bxg6 Rxf1+ 42. Rxf1 hxg6 43. Kg2 Bc7 44. Re1 Kh7 45. Qh3+ Kg8 46. Qc8+
Kf7 47. Rf1+ Ke7 48. Qf8+ Ke6 49. Qf7# 1-0

[Event "Deutsche Ländermeisterschaft 2016"]
[Site "Hannover GER"]
[Date "2016.10.04"]
[Round "6"]
[White "Stork, Oliver"]
[Black "Svane, Frederik"]
[Result "1/2-1/2"]
[Termination "normal"]
[Board "2.4"]
[WhiteElo "2056"]
[BlackElo "2082"]
[WhiteClock "00:52:52"]
[BlackClock "01:16:05"]
[WhiteTeam "Hessen"]
[BlackTeam "Schleswig-Holstein"]
[PlyCount "126"]
[WhiteFideId "12955728"]
[BlackFideId "12923044"]
[EventCountry "GER"]
[EventRounds "7"]
[EventType "team-swiss"]
[EventDate "2016.09.30"]

1. c4 Nf6 2. g3 e6 3. Nf3 d5 4. b3 c5 5. Bg2 d4 6. e3 Nc6 7. exd4 cxd4 8. O-O
d3 9. Bb2 Bc5 10. a3 a5 11. Ne5 Nxe5 12. Bxe5 h5 13. Nc3 Bd4 14. Bxd4 Qxd4 15.
Qf3 O-O 16. Nb5 Qd7 17. Rfe1 Rd8 18. Bf1 Qc6 19. Re3 Ng4 20. Rxd3 Qxf3 21. Rxf3
Rxd2 22. Rd3 Rxd3 23. Bxd3 Bd7 24. Be4 Bxb5 25. cxb5 Rb8 26. b6 Nf6 27. Bf3 Nd7
28. Bxh5 Nxb6 29. Bf3 Nd7 30. Rc1 b6 31. Rc7 Nc5 32. b4 axb4 33. axb4 Nd3 34.
b5 g6 35. h4 Kg7 36. h5 Nc5 37. Kg2 Rd8 38. Rc6 Na4 39. hxg6 Kxg6 40. Be4+ Kf6
41. Bc2 Rd4 42. Bxa4 Rxa4 43. Rxb6 Rb4 44. Kf3 Kg6 45. Rb8 Kf6 46. Ke3 Ke5 47.
Rb7 Rb3+ 48. Ke2 Rb2+ 49. Kf3 f5 50. Rb8 Rb3+ 51. Kg2 Kf6 52. b6 Rb4 53. f4 Kg6
54. Kh3 Rb3 55. Kg2 Kf6 56. Kf2 Kg7 57. Rb7+ Kf6 58. Rb8 Kg7 59. Ke2 Rxg3 60.
Rc8 Rb3 61. Rc7+ Kf6 62. b7 e5 63. fxe5+ Kxe5 1/2-1/2

[Event "Deutsche Ländermeisterschaft 2016"]
[Site "Hannover GER"]
[Date "2016.10.04"]
[Round "6"]
[White "Kopylov, Daniel"]
[Black "Krastev, Alexander"]
[Result "1-0"]
[Termination "normal"]
[Board "2.5"]
[WhiteElo "2028"]
[BlackElo "1937"]
[WhiteClock "00:55:04"]
[BlackClock "01:19:54"]
[WhiteTeam "Schleswig-Holstein"]
[BlackTeam "Hessen"]
[PlyCount "45"]
[WhiteFideId "12921971"]
[BlackFideId "12989983"]
[EventCountry "GER"]
[EventRounds "7"]
[EventType "team-swiss"]
[EventDate "2016.09.30"]

1. e4 e5 2. Nf3 Nc6 3. d4 exd4 4. Nxd4 Bc5 5. Nb3 Bb6 6. Nc3 Nf6 7. Qe2 d6 8.
Be3 Be6 9. O-O-O Qe7 10. f3 O-O-O 11. Bxb6 axb6 12. Kb1 Rhe8 13. Qb5 Kb8 14.
Qa4 Bd7 15. Bb5 Na7 16. Nd4 Nxb5 17. Ncxb5 Bxb5 18. Nxb5 Qe5 19. Qa7+ Kc8 20.
a4 d5 21. exd5 Nxd5 22. Qa8+ Kd7 23. Qxb7 1-0

[Event "Deutsche Ländermeisterschaft 2016"]
[Site "Hannover GER"]
[Date "2016.10.04"]
[Round "6"]
[White "Reinecke, Katharina"]
[Black "Köhler, Inken"]
[Result "0-1"]
[Termination "normal"]
[Board "2.6"]
[WhiteElo "1816"]
[BlackElo "2009"]
[WhiteClock "01:20:30"]
[BlackClock "00:47:15"]
[WhiteTeam "Hessen"]
[BlackTeam "Schleswig-Holstein"]
[PlyCount "70"]
[WhiteFideId "12929727"]
[BlackFideId "12929301"]
[EventCountry "GER"]
[EventRounds "7"]
[EventType "team-swiss"]
[EventDate "2016.09.30"]

1. d4 d5 2. c4 c6 3. cxd5 cxd5 4. Bf4 Nc6 5. e3 e6 6. Nc3 Nf6 7. Bd3 Be7 8. h3
O-O 9. Nf3 b6 10. O-O Bb7 11. Rc1 Rc8 12. Ne5 Na5 13. Qe2 Ne4 14. Nxe4 dxe4 15.
Ba6 Qd5 16. a3 f6 17. Bxb7 Qxb7 18. Nc4 Qa6 19. b3 Nxb3 20. Rc2 Qa4 21. Nd6
Nxd4 22. Qg4 f5 23. Nxc8 fxg4 24. Nxe7+ Kf7 25. Rd2 Nb3 26. Rc2 Kxe7 27. Rc7+
Kf6 28. hxg4 h6 29. Bd6 Rf7 30. Be5+ Kg6 31. Rc8 Nc5 32. f4 exf3 33. gxf3 Qd7
34. Rb8 Na6 35. Ra8 Qd5 0-1

[Event "Deutsche Ländermeisterschaft 2016"]
[Site "Hannover GER"]
[Date "2016.10.04"]
[Round "6"]
[White "Rosmait, Emily"]
[Black "Poetsch, Leonore"]
[Result "0-1"]
[Termination "normal"]
[Board "2.7"]
[WhiteElo "1940"]
[BlackElo "1801"]
[WhiteClock "01:02:04"]
[BlackClock "01:11:07"]
[WhiteTeam "Schleswig-Holstein"]
[BlackTeam "Hessen"]
[PlyCount "66"]
[WhiteFideId "12937754"]
[BlackFideId "12940372"]
[EventCountry "GER"]
[EventRounds "7"]
[EventType "team-swiss"]
[EventDate "2016.09.30"]

1. e4 e6 2. d4 d5 3. Nd2 Be7 4. c3 Nf6 5. e5 Nfd7 6. Bd3 c5 7. Ne2 Nc6 8. O-O
O-O 9. Nf3 cxd4 10. cxd4 f6 11. exf6 Nxf6 12. a3 Bd7 13. b4 Rc8 14. Bf4 Be8 15.
Qd2 a6 16. Rfe1 Bh5 17. Ng5 Qd7 18. Bb1 h6 19. Nh3 Bg4 20. Ng3 Bxh3 21. gxh3
Bd6 22. Be5 Bxe5 23. dxe5 Nh7 24. Qd3 Ng5 25. Kg2 Rf3 26. Qg6 Ne7 27. Qh5 Rcf8
28. Ra2 Rc3 29. Qd1 Qc6 30. Bd3 Nf3 31. Re3 Nh4+ 32. Kf1 Rc1 33. Ke2 Rxd1 0-1

[Event "Deutsche Ländermeisterschaft 2016"]
[Site "Hannover GER"]
[Date "2016.10.04"]
[Round "6"]
[White "Bayer, Melissa"]
[Black "Glinzner, Alva"]
[Result "0-1"]
[Termination "normal"]
[Board "2.8"]
[WhiteElo "1518"]
[BlackElo "1513"]
[WhiteClock "01:15:52"]
[BlackClock "01:04:13"]
[WhiteTeam "Hessen"]
[BlackTeam "Schleswig-Holstein"]
[PlyCount "198"]
[WhiteFideId "16206916"]
[BlackFideId "16206169"]
[EventCountry "GER"]
[EventRounds "7"]
[EventType "team-swiss"]
[EventDate "2016.09.30"]

1. e4 c6 2. d4 d5 3. Nc3 dxe4 4. Nxe4 Bf5 5. Ng3 Bg6 6. Nf3 Nd7 7. Bd3 Bxd3 8.
Qxd3 Ngf6 9. O-O e6 10. c4 Be7 11. b3 O-O 12. Bb2 Bd6 13. Rfe1 Nb6 14. Rad1 Re8
15. Nf1 Bf8 16. Ne5 a5 17. h3 Nbd7 18. Nf3 h6 19. Ne3 Nb6 20. Ne5 Rc8 21. a3
Ra8 22. Re2 Nbd7 23. Nxd7 Nxd7 24. d5 Nc5 25. Qc2 exd5 26. cxd5 cxd5 27. Nxd5
Rxe2 28. Qxe2 Qg5 29. Qc2 Qh5 30. Ne3 Qg5 31. Rd5 Qe7 32. Kf1 b6 33. Nc4 Qb7
34. Rd2 Ne4 35. Re2 Nc5 36. Qc3 Rd8 37. Rd2 Ne4 38. Qe3 Nxd2+ 39. Nxd2 Qd5 40.
Ke2 Qxg2 41. Qxb6 Re8+ 42. Kd1 Qh1+ 43. Kc2 Qxh3 44. Qxa5 Rc8+ 45. Nc4 Qf3 46.
Qd2 Qa8 47. Kb1 Rd8 48. Qc2 Rc8 49. Qd3 Qb7 50. Ka2 Qa6 51. Qd7 Rb8 52. Ne5 Qe6
53. Qxe6 fxe6 54. Nc6 Rc8 55. Nd4 Kf7 56. b4 Ra8 57. Kb3 h5 58. b5 Bc5 59. f3
h4 60. Ne2 h3 61. Ng3 h2 62. a4 Rh8 63. Nh1 Rh4 64. Bc3 Ke7 65. a5 Kd7 66. Bd2
e5 67. Be1 Rf4 68. Bg3 Rxf3+ 69. Kc4 Bd6 70. Bxh2 Rh3 71. Bg3 Rxh1 72. b6 Kc6
73. Bf2 Ra1 74. Kd3 Rxa5 75. Ke4 g6 76. Be3 Ra4+ 77. Kf3 Ra3 78. Ke4 Bc5 79.
Bxc5 Kxc5 80. b7 Rb3 81. Kxe5 Rxb7 82. Kf4 Re7 83. Kg5 Rf7 84. Kxg6 Rf3 85. Kg5
Kd4 86. Kg4 Ke4 87. Kg5 Ke5 88. Kg4 Rf8 89. Kg3 Ke4 90. Kg2 Ke3 91. Kg1 Ke2 92.
Kg2 Rg8+ 93. Kh3 Kf3 94. Kh4 Kf4 95. Kh5 Rg1 96. Kh6 Kf5 97. Kh7 Kf6 98. Kh8
Kf7 99. Kh7 Rh1# 0-1

[Event "Deutsche Ländermeisterschaft 2016"]
[Site "Hannover GER"]
[Date "2016.10.04"]
[Round "6"]
[White "Walter, Kevin"]
[Black "Grigorian, Spartak"]
[Result "1-0"]
[Termination "normal"]
[Board "3.1"]
[WhiteElo "2194"]
[BlackElo "2293"]
[WhiteClock "01:02:07"]
[BlackClock "01:06:57"]
[WhiteTeam "Württemberg"]
[BlackTeam "Bremen & Friends"]
[PlyCount "75"]
[WhiteFideId "12906654"]
[BlackFideId "24661490"]
[EventCountry "GER"]
[EventRounds "7"]
[EventType "team-swiss"]
[EventDate "2016.09.30"]

1. e4 c5 2. Nf3 d6 3. d4 cxd4 4. Nxd4 Nf6 5. Nc3 a6 6. Be2 e6 7. Be3 Be7 8. f4
O-O 9. O-O Qc7 10. g4 b5 11. g5 Nfd7 12. f5 Ne5 13. f6 Bd8 14. Bd3 b4 15. Nce2
Ng4 16. Bd2 Qb6 17. h3 e5 18. hxg4 Bxg4 19. Kg2 exd4 20. Qe1 h5 21. gxh6 gxf6
22. h7+ Kh8 23. Bh6 Re8 24. Qg3 f5 25. Rxf5 d5 26. Rh1 Qg6 27. Nf4 Bf3+ 28.
Kxf3 dxe4+ 29. Bxe4 Qxg3+ 30. Kxg3 Ra7 31. Bd3 Nc6 32. Kf2 b3 33. axb3 Nb4 34.
Bg5 Rc7 35. Bxd8 Rxd8 36. Bc4 Nxc2 37. Rxf7 Rc6 38. Be6 1-0

[Event "Deutsche Ländermeisterschaft 2016"]
[Site "Hannover GER"]
[Date "2016.10.04"]
[Round "6"]
[White "Kardoeus, David"]
[Black "Peng, Xiang-Tobias"]
[Result "1/2-1/2"]
[Termination "normal"]
[Board "3.2"]
[WhiteElo "2168"]
[BlackElo "2109"]
[WhiteClock "00:56:52"]
[BlackClock "01:10:53"]
[WhiteTeam "Bremen & Friends"]
[BlackTeam "Württemberg"]
[PlyCount "157"]
[WhiteFideId "12912050"]
[BlackFideId "12964328"]
[EventCountry "GER"]
[EventRounds "7"]
[EventType "team-swiss"]
[EventDate "2016.09.30"]

1. b3 Nf6 2. Bb2 d5 3. e3 c5 4. f4 Bg4 5. Nf3 Nc6 6. Bb5 e6 7. O-O Be7 8. d3
Bxf3 9. Qxf3 Qb6 10. Bxc6+ bxc6 11. c4 Rd8 12. Nc3 d4 13. exd4 cxd4 14. Ne4 O-O
15. Rae1 Qa5 16. a3 c5 17. Ra1 Nxe4 18. Qxe4 Qd2 19. Rf2 Qe3 20. Qb7 Bh4 21. g3
Bxg3 22. hxg3 Qxg3+ 23. Qg2 Qxd3 24. Qf3 Qxf3 25. Rxf3 f6 26. b4 e5 27. Re1
Rfe8 28. fxe5 fxe5 29. Re4 Rb8 30. b5 Rb6 31. a4 Rf6 32. Kf2 Ref8 33. Rxf6 gxf6
34. Ba3 Rc8 35. Kf3 Kf7 36. Rh4 Kg6 37. Ke4 h5 38. a5 Rc7 39. b6 axb6 40. axb6
Rc6 41. Bxc5 Rxc5 42. b7 Rxc4 43. b8=Q d3+ 44. Kd5 Rxh4 45. Qg8+ Kf5 46. Qh7+
Kg5 47. Ke6 Rf4 48. Qxd3 h4 49. Kf7 Kg4 50. Kg6 h3 51. Qd1+ Kg3 52. Qg1+ Kh4
53. Kf7 Rf3 54. Ke6 Rf4 55. Kd6 Rf3 56. Kd5 Rf4 57. Qg6 Rd4+ 58. Ke6 Rf4 59.
Kd6 Rf2 60. Qg1 Rd2+ 61. Ke6 h2 62. Qe1+ Kh3 63. Kxf6 Rf2+ 64. Ke6 Kg2 65. Qe4+
Rf3 66. Qg4+ Kf2 67. Qh4+ Kg2 68. Qg5+ Kf2 69. Qd2+ Kg1 70. Qe1+ Kg2 71. Qd2+
Kg1 72. Qc1+ Kg2 73. Qg5+ Kf2 74. Qd2+ Kg1 75. Qe1+ Kg2 76. Qe2+ Kg1 77. Qxf3
h1=Q 78. Qxh1+ Kxh1 79. Kxe5 1/2-1/2